000 02116nam0a2200349 i 4500
001 RU\NLR\BIBL_A\011346416
005 20260419041129.0
010 _a9785767723386
_9100
021 _aRU
_b2017-9911
_9729
035 _a(NLR Aleph) 011346416
090 _a11220454
_c11220454
100 _a20170315d2016 u y0rusy50 ca
101 0 _arus
102 _aRU
105 _ay z 001yy
200 1 _aПсихологическая профилактика зависимого поведения
_eучебное пособие
_fЕ. Л. Николаев, М. И. Вайберг, Л. А. Петрова, И. Е. Булыгина
_g[ответственный редактор: доктор медицинских наук Е. Л. Николаев]
_gМинистерство образования и науки Российской Федерации, Федеральное государственное бюджетное образовательное учреждение высшего образования "Чувашский государственный университет имени И. Н. Ульянова"
210 _aЧебоксары
_cЧувашский государственный университет
_d2016
215 _a167 с.
_d21
320 _aБиблиогр.: с. 96-98 (50 назв.)
606 1 _aПодростки
_xАддиктивное поведение
_xПрофилактика
_92161206
_3RU\NLR\AUTH\661300653
686 1 _aЮ983.62я73
686 1 _aЮ967я73
686 1 _aЮ949.2я73
686 1 _aР733.645.1-8я73
701 1 _8rus
_7ca
_aНиколаев
_bЕ. Л.
_cд-р мед. наук
_f1968-
_gЕвгений Львович
_3RU\NLR\AUTH\7732687
_915695
701 1 _aВайберт
_bМ. И.
_gМаргарита Ивановна
701 1 _8rus
_7ca
_aПетрова
_bЛ. А.
_cканд. пед. наук
_gЛюдмила Анатольевна
_3RU\NLR\AUTH\7757560
_940492
701 1 _aБулыгина
_bИ. Е
_gИрина Евгеньевна
942 _cBOOK
980 _aNBR